|
|
|
|
| LEADER |
03456nam a2200469 a 4500 |
| 001 |
1618693 |
| 008 |
090722s1994 enk 000 0 eng d |
| 010 |
|
|
|a 95070674
|
| 020 |
|
|
|a 014062046X
|
| 020 |
|
|
|a 9780140620467
|
| 020 |
|
|
|a 0140368140
|
| 040 |
|
|
|a DLC
|c DLC
|d DLC
|
| 082 |
0 |
0 |
|a 823/.8
|2 20
|
| 999 |
|
|
|c 2710
|d 2710
|
| 999 |
|
|
|c 2710
|
| 100 |
1 |
|
|a Dickens, Charles,
|d 1812-1870.
|9 19910
|
| 245 |
1 |
0 |
|a Oliver Twist /
|c Charles Dickens.
|
| 260 |
|
|
|a London :
|b Penguin Books,
|c c1994.
|
| 300 |
|
|
|a 511 p. ;
|c 18 cm.
|
| 490 |
0 |
|
|a Penguin Popular classics
|
| 541 |
1 |
|
|e 00011834
|
| 650 |
|
0 |
|a Orphans
|x Fiction.
|9 19911
|
| 650 |
|
0 |
|a Criminals
|x Fiction.
|9 19912
|
| 650 |
|
0 |
|a Kidnapping victims
|v Fiction.
|9 19913
|
| 651 |
|
0 |
|a London (England)
|x Fiction.
|9 19914
|
| 655 |
|
7 |
|a Bildungsromans.
|2 gsafd
|9 19915
|
| 852 |
4 |
|
|a Ayesha Abed Library
|j General shelf.
|
| 942 |
0 |
0 |
|0 1
|2 ddc
|c BK
|
| 952 |
|
|
|0 0
|1 0
|2 ddc
|4 0
|6 823_800000000000000_DIC
|7 0
|9 2488
|a BRACUL
|b BRACUL
|c GEN
|d 2009-07-22
|g 0.00
|l 14
|m 65
|o 823.8 DIC
|p 3010011834
|r 2026-04-27
|s 2026-04-20
|t 1
|w 2009-07-22
|y BK
|x No price found in the accession register.
|
| 952 |
|
|
|0 0
|1 0
|2 ddc
|4 0
|6 823_000000000000000__8_DIC
|7 0
|9 59266
|a SCL
|b SCL
|c GEN
|d 2016-07-16
|g 380.00
|l 14
|m 62
|o 823.8 DIC
|p 3020008624
|r 2026-04-22
|s 2026-04-08
|t 2
|y BK
|
| 952 |
|
|
|0 0
|1 0
|2 ddc
|4 0
|6 823_000000000000000__8_DIC
|7 0
|9 59267
|a SCL
|b SCL
|c GEN
|d 2016-07-16
|g 380.00
|l 15
|m 71
|o 823.8 DIC
|p 3020008623
|r 2026-05-09
|s 2026-02-17
|t 3
|w 2016-07-16
|y BK
|
| 952 |
|
|
|0 0
|1 0
|2 ddc
|4 0
|6 823_000000000000000__8_DIC
|7 0
|9 59382
|a SCL
|b SCL
|c GEN
|d 2016-07-21
|g 150.00
|l 13
|m 62
|o 823.8 DIC
|p 3020008745
|r 2020-03-10
|s 2020-01-23
|t 4
|w 2016-07-21
|y BK
|
| 952 |
|
|
|0 0
|1 0
|2 ddc
|4 0
|6 823_000000000000000__8_DIC
|7 0
|9 60324
|a SCL
|b SCL
|c GEN
|d 2017-04-19
|e Tajin Boi Ghar
|g 130.00
|l 12
|m 60
|o 823.8 DIC
|p 3020008883
|r 2024-06-01
|s 2024-05-28
|t 5
|w 2017-04-19
|y BK
|
| 952 |
|
|
|0 0
|1 0
|2 ddc
|4 0
|6 823_000000000000000__8_DIC
|7 0
|9 60325
|a SCL
|b SCL
|c GEN
|d 2017-04-19
|e Tajin Boi Ghar
|g 130.00
|l 10
|m 49
|o 823.8 DIC
|p 3020008884
|r 2020-03-10
|s 2020-01-16
|t 6
|w 2017-04-19
|y BK
|
| 952 |
|
|
|0 0
|1 0
|2 ddc
|4 0
|6 823_000000000000000__8_DIC
|7 0
|9 60326
|a SCL
|b SCL
|c GEN
|d 2017-04-19
|e Tajin Boi Ghar
|g 130.00
|l 10
|m 59
|o 823.8 DIC
|p 3020008885
|r 2020-03-10
|s 2020-01-16
|t 7
|w 2017-04-19
|y BK
|
| 952 |
|
|
|0 0
|1 0
|2 ddc
|4 0
|6 823_000000000000000__8_DIC
|7 0
|9 60327
|a SCL
|b SCL
|c GEN
|d 2017-04-19
|e Tajin Boi Ghar
|g 130.00
|l 16
|m 69
|o 823.8 DIC
|p 3020008886
|r 2023-10-26
|s 2023-10-12
|t 8
|w 2017-04-19
|y BK
|
| 952 |
|
|
|0 0
|1 0
|2 ddc
|4 0
|6 823_000000000000000__8_DIC
|7 0
|9 60328
|a SCL
|b SCL
|c GEN
|d 2017-04-19
|e Tajin Boi Ghar
|g 130.00
|l 11
|m 58
|o 823.8 DIC
|p 3020008887
|r 2024-03-04
|s 2024-02-12
|t 9
|w 2017-04-19
|y BK
|
| 952 |
|
|
|0 0
|1 0
|2 ddc
|4 0
|6 823_000000000000000__8_DIC
|7 0
|9 61251
|a SCL
|b SCL
|c GEN
|d 2017-09-14
|g 150.00
|l 8
|m 49
|o 823.8 DIC
|p 3020009328
|r 2020-02-22
|s 2020-01-16
|t 10
|w 2017-09-14
|y BK
|
| 952 |
|
|
|0 0
|1 0
|2 ddc
|4 0
|6 823_000000000000000__8_DIC
|7 0
|9 61252
|a SCL
|b SCL
|c GEN
|d 2017-09-14
|g 150.00
|l 11
|m 45
|o 823.8 DIC
|p 3020009329
|r 2020-03-10
|s 2020-01-16
|t 11
|w 2017-09-14
|y BK
|
| 952 |
|
|
|0 0
|1 0
|2 ddc
|4 0
|6 823_000000000000000__8_DIC
|7 0
|9 61253
|a SCL
|b SCL
|c GEN
|d 2017-09-14
|g 150.00
|l 11
|m 38
|o 823.8 DIC
|p 3020009330
|r 2020-03-10
|s 2020-01-16
|t 12
|w 2017-09-14
|y BK
|
| 952 |
|
|
|0 0
|1 0
|2 ddc
|4 0
|6 823_000000000000000__8_DIC
|7 0
|9 61254
|a SCL
|b SCL
|c GEN
|d 2017-09-14
|g 150.00
|l 9
|m 39
|o 823.8 DIC
|p 3020009331
|r 2024-04-25
|s 2024-03-20
|t 13
|w 2017-09-14
|y BK
|
| 952 |
|
|
|0 0
|1 0
|2 ddc
|4 0
|6 823_000000000000000__8_DIC
|7 0
|9 61255
|a SCL
|b SCL
|c GEN
|d 2017-09-14
|g 150.00
|l 10
|m 54
|o 823.8 DIC
|p 3020009332
|r 2022-10-02
|s 2022-09-25
|t 14
|w 2017-09-14
|y BK
|